[Event "Nittenau-ch 16th"]
[Site "Nittenau"]
[Date "2016.09.17"]
[Round "3"]
[White "Gruber, Johannes"]
[Black "Doll, Alexander"]
[Result "1-0"]
[WhiteElo "1882"]
[BlackElo "1478"]
[PlyCount "61"]
[EventDate "2016.09.16"]
[EventType "swiss"]
[EventRounds "5"]
[EventCountry "GER"]
[SourceTitle "EXT 2022"]
[Source "ChessBase"]
[SourceDate "2021.10.06"]
[SourceVersion "1"]
[SourceVersionDate "2021.10.06"]
[SourceQuality "1"]

1. e4 e5 2. Nf3 Nc6 3. Bc4 Bc5 4. b4 Bxb4 5. c3 Ba5 6. 0-0 Nf6 7. d4 Nxe4 8. Ba3 d5 9. Bb5 a6 10. Bxc6+ bxc6 11. Qa4 exd4 12. Nxd4 Bb6 13. Qxc6+ Bd7 14. Qxd5 Nd6 15. Re1+ Kf8 16. Bxd6+ cxd6 17. Qxd6+ Kg8 18. Nd2 Bxd4 19. Qxd4 Be6 20. Qe3 h6 21. Nf3 Kh7 22. Qe4+ g6 23. h4 Bd5 24. Qf4 Qa5 25. c4 Qb4 26. Ne5 f6 27. Ng4 Qxc4 28. Qxh6+ Kg8 29. Qxg6+ Kf8 30. Qxf6+ Kg8 31. Re5 1-0

[Event "Deggendorf op 3rd"]
[Site "Deggendorf"]
[Date "2010.09.04"]
[Round "2"]
[White "Pohl Kuemmel, Jens Uwe"]
[Black "Gruber, Johannes"]
[Result "1-0"]
[WhiteElo "2214"]
[BlackElo "1455"]
[PlyCount "41"]
[EventDate "2010.09.03"]
[EventType "swiss"]
[EventRounds "5"]
[EventCountry "GER"]
[SourceTitle "CBM 138 Extra"]
[Source "ChessBase"]
[SourceDate "2010.10.29"]
[SourceVersion "1"]
[SourceVersionDate "2010.10.29"]
[SourceQuality "1"]

1. d4 Nf6 2. Nf3 d6 3. c4 Bf5 4. Nc3 Na6 5. Nh4 Qd7 6. Nxf5 Qxf5 7. f3 0-0-0 8. e4 Qh5 9. Be3 e5 10. d5 Kb8 11. Qd2 Nd7 12. Nb5 Nb6 13. b4 f5 14. exf5 Qxf5 15. Bd3 Qd7 16. 0-0 Re8 17. a4 Nc8 18. Rfb1 g6 19. Nc3 Ne7 20. c5 Nxc5 21. bxc5 1-0

[Event "Oberpfalz-ch M3"]
[Site "Roding"]
[Date "2010.03.30"]
[Round "8"]
[White "Forster, Stefan"]
[Black "Gruber, Johannes"]
[Result "1/2-1/2"]
[WhiteElo "1499"]
[BlackElo "1417"]
[PlyCount "24"]
[EventDate "2010.03.27"]
[EventType "swiss"]
[EventRounds "8"]
[EventCountry "GER"]
[SourceTitle "EXT 2012"]
[Source "ChessBase"]
[SourceDate "2011.11.24"]
[SourceVersion "1"]
[SourceVersionDate "2011.11.24"]
[SourceQuality "1"]

1. e4 c5 2. Nf3 d6 3. d4 cxd4 4. Nxd4 Nf6 5. Nc3 g6 6. Be3 Bg7 7. f3 0-0 8. Qe2 Nc6 9. 0-0-0 d5 10. exd5 Nxd5 11. Nxd5 Qxd5 12. Nxc6 Qxc6 1/2-1/2